000 00448nab a2200145Ia 4500
003 ES-SlBCS
005 20210601125238.0
008 140529s1978 xxu||||| |||| 00| 0 eng d
041 _aeng
100 1 _aMijuskovic, Ben
_950194
245 0 0 _aBrentano's Theory of Consciousness
_c Ben Mijuskovic
600 1 4 _aBrentano-Consciencia
_9155918
773 0 _tPhilosophy and Phenomenological Research
_gvol. 38, 1978, págs. 315-324
_wRev1411
942 _cAR
999 _c527168
_d527168